000 00711nam a2200253 i 4500
001 C2-0148563
003 PPAK
005 20180727131603.0
008 980318s1992 enka|||| ||||| | eng d
020 _a0862729181
040 _aPPAK
_beng
_cPPAK
_erda
082 0 4 _a912.01
_223
090 0 0 _a912.01
_bTAY
_dRK
100 1 _aTaylor, Barbara,
_eauthor
245 1 0 _aMaps and mapping
264 1 _aLondon :
_bKingfisher Books ,
_c1992
300 _a32 pages :
_bcolour illustrations ;
_c25 cm
336 _2rdacontent
_atext
337 _2rdamedia
_aunmediated
338 _2rdacarrier
_avolume
490 1 _aGeography Facts And Experiments
830 0 _aGeography Facts And Experiments
942 _ddc
_cB
999 _c47018
_d47018